000 00540cam a2200205 4500
001 H34
008 090401t1981 xxu||||| |||| 00| 0 eng d
035 _a(Sirsi) u36556
041 _aeng
050 _a690.18
100 _aCovington, S.A.
245 4 _aThe selection of doors and doorsets by performance
260 _aGarston, Watford
_bBuilding Research Establishment
_c1981
300 _a4p. ; 30cm.
350 _a0
490 _aBRE Information Paper
_v2/81 s
690 _aBUILT ENVIRONMENT
942 _n0
948 _c04/03/1997
999 _c90330
_d90330